Nuestros años verde olivo /
Guardado en:
| Hovedforfatter: | |
|---|---|
| Format: | Bog |
| Sprog: | spansk |
| Udgivet: |
Santiago, Chile :
Debolsillo,
2012, c2012
|
| Serier: | (Bestseller Debolsillo) [s.n.]
|
| Fag: | |
| Tags: |
Ingen Tags, Vær først til at tagge denne postø!
|
MARC
| LEADER | 00000nam^a2200000^a^4500 | ||
|---|---|---|---|
| 001 | 000338503 | ||
| 005 | 20250521000000.0 | ||
| 009 | 20260310114358.549 | ||
| 020 | |a 978-956-325-092-3 | ||
| 037 | |a Acervo ITESO - Biblioteca | ||
| 041 | |a ESP | ||
| 082 | |a 863. |b AMP | ||
| 100 | |a Ampuero, Roberto |e (autor) | ||
| 245 | 1 | 0 | |a Nuestros años verde olivo / |c R. Ampuero. |
| 264 | 4 | |a Santiago, Chile : |b Debolsillo, |c 2012, c2012 | |
| 300 | |a 336 p. | ||
| 336 | |a texto |b txt |2 rdacontenido | ||
| 337 | |a sin mediación |b n |2 rdamedio | ||
| 338 | |a volumen |b nc |2 rdasoporte | ||
| 440 | 1 | |a (Bestseller Debolsillo) [s.n.] | |
| 545 | 0 | |a El escritor chileno Roberto Ampuero Espinoza (Valparaíso, Chile 1953), conocido por la saga policíaca protagonizada por el detective Cayetano Brulé, ha vivido en varios países desde que en 1973 abandono el país con motivo del golpe Militar de Pinochet para estudiar en Alemania Oriental. Fue embajador en México de 2011 a 2013 año en el que es nombrado ministro de Cultura en Chile. Su obra refleja una visión cosmopolita que evidencia un mundo global y multicultural. Entre sus obras tenemos: las novelas que conforman la saga mencionada tales como ¿Quién mató a Cristián Kustermann? (1993), Boleros en La Habana, (1994), Cita en el Azul Profundo (2001), El caso Neruda (2008) y Bahía de los misterios (2013). La destacada novela autobiográfica Nuestros años verde olivo (1999), Los amantes de Estocolmo (2003), Pasiones griegas (2006), elegida por la Casa Editorial de Literatura Popular de China como uno de los dos mejores libros en castellano de 2006; La otra mujer (2010), El último tango de Salvador Allende (2012). Además de la adaptación de la serie policial televisiva Brigada Escorpión producida en Chile. | |
| 649 | |a XX | ||
| 650 | |a Novela Chilena | ||
| 650 | |a Literatura Chilena - |y Siglo XX | ||
| 650 | |a Literatura Autobiográfica - |z Chile | ||
| 650 | |a Literatura e Historia | ||
| 650 | |a Revolución - |z Cuba - |x Historia - |y 1959-1990 | ||
| 650 | |a Cuba - |x Historia - |y 1959-1990 | ||
| 650 | |a Ampuero, Roberto | ||
| 910 | |a Fondo General | ||
| 920 | |a Impresos - Libros | ||
| 930 | |a Colección General | ||
| 940 | |a Literatura | ||
| 905 | |a 101 | ||
| 901 | |a 0500228599 |b IT1 |c LIT |i C139386 |u 20250521 | ||
| 902 | |a https://opac.biblio.iteso.mx/vufind/Record/000338503 | ||